Postmodern analysis
Αποθηκεύτηκε σε:
| Κύριος συγγραφέας: | |
|---|---|
| Άλλοι συγγραφείς: | |
| Μορφή: | Βιβλίο |
| Γλώσσα: | English |
| Δημοσίευση: |
Berlin ; Heidelberg :
Springer,
c1998
|
| Σειρά: | Universitext
|
| Θέματα: | |
| Ετικέτες: |
Προσθήκη ετικέτας
Δεν υπάρχουν, Καταχωρήστε ετικέτα πρώτοι!
|
MARC
| LEADER | 00000nam a2200000 i 4500 | ||
|---|---|---|---|
| 001 | 1/93586 | ||
| 008 | 991122s1998 eng d | ||
| 020 | |a 3540634851 | ||
| 035 | |l 10054460 | ||
| 040 | |a GR-MY-UA |b gre |e aacr | ||
| 041 | 0 | |a eng | |
| 082 | 0 | |a 515 | |
| 100 | 1 | |a Jost, Jurgen |d 1956- | |
| 245 | 1 | 0 | |a Postmodern analysis / |c Jurgen Jost ; translated by Hassan Azad |
| 260 | |a Berlin ; Heidelberg : |b Springer, |c c1998 | ||
| 300 | |a xv, 353 p.; |b ill.; |c 24 cm. | ||
| 490 | 1 | |a Universitext | |
| 500 | |a Includes index | ||
| 650 | 0 | 0 | |a Mathematical analysis. |
| 700 | 1 | |a Azad, Hasan. |4 tyd | |
| 830 | 0 | |a Universitext | |
| 852 | |a INST |b SAMOS |e 19991122 |h 515 JOS |p 005300017105 |q 005300017105 |t BK |y 0 | ||
| 901 | |a BIBL3-1999-3 | ||
| 909 | |a Σ |b 067246 | ||
| 922 | |a 3ΕΛΗ |b 199909 |c ΕΠΕΑΕΚ/ΜΑΘ |d ΠΑΠΑΣΩΤΗΡΙΟΥ | ||
| 970 | |a ΓΕΝΟΥΖΟΥ |b ΧΡΥΣΑΝΘΗ |z 1999/11/22 | ||